| 000 | 00830pam a2200241 i 4500 | ||
|---|---|---|---|
| 001 | 4172237 | ||
| 005 | 20241203112915.0 | ||
| 008 | 790706s1979 miu b 001 0 eng | ||
| 020 | _a0802835295 | ||
| 050 | 0 | 0 |
_aBT75 _b.T39 1979 |
| 082 | 0 | 0 | _a230 |
| 100 | 1 |
_aThiessen, Henry Clarence, _d1883-1947. |
|
| 245 | 1 | 0 |
_aLectures in systematic theology / _cby Henry Clarence Thiessen. |
| 250 |
_aRev. / _bby Vernon D. Doerksen. |
||
| 260 |
_aGrand Rapids : _bEerdmans, _cc1979. |
||
| 300 |
_axii, 450 p. ; _c24 cm. |
||
| 500 | _aPublished in 1949 under title: Introductory lectures in systematic theology. | ||
| 500 | _aIncludes indexes. | ||
| 650 | 0 | _aTheology, Doctrinal. | |
| 700 | 1 | _aDoerksen, Vernon D. | |
| 700 | 1 |
_aThiessen, Henry Clarence, _d1883-1947. _tIntroductory lectures in systematic theology. |
|
| 942 |
_2lcc _cBK _n0 |
||
| 999 |
_c1929 _d1929 |
||